Las habitaciones maravillosas (Registro nro. 309875)
[ vista simple ]
| 000 -ENCABEZADO | |
|---|---|
| Número de control [NR] | 01859nam a2200253 4500 |
| 005 - FECHA Y HORA DE LA ÚLTIMA TRANSACCIÓN | |
| control field | 20180511144043.0 |
| 008 - DE LONGITUD FIJA DE DATOS DE ELEMENTOS - INFORMACIÓN GENERAL | |
| Elementos de longitud fija [NR] | 180511s1870 sp a|||fr|||| 001 0 spa d |
| 040 ## - FUENTE DE CATALOGACION [NR] | |
| Agencia de catalogación original [NR] | CO-BoUCM |
| Idioma de catalogación [NR] | spa |
| Quien Cataloga | Sandra Yazo |
| Quien Clasifica | Sandra Yazo |
| 041 1# - CODIGO DE IDIOMA [R] | |
| Código de idioma para texto/pista de sonido o título separado [R] | Español |
| 082 04 - NUMERO DE CLASIFICACION DECIMAL DEWEY [R] | |
| Número de la edición [NR] | 20 |
| Número de clasificación [R] | 591.564 |
| 092 ## - SIGNATURA TOPOGRAFICA LOCAL | |
| Número de clasificación local | E46N009 |
| 100 1# - ASIENTO PRINCIPAL--NOMBRE PERSONAL [NR] | |
| Nombre personal [NR] | Rousseau, L. |
| ID Autoridad | 92435 |
| 245 10 - MENCION DE TITULO [NR] | |
| Título [NR] | Las habitaciones maravillosas |
| Mención de responsabilidad, etc. [NR] | Imitación del inglés por L. Rousseau ; Traducido por D. Florencio Janer |
| 260 ## - PUBLICACION, DISTRIBUCION, ETC. (PIE DE IMPRENTA) [R] | |
| Lugar de publicación, distribución, etc. [R] | Madrid (España) |
| Nombre del editor, distribuidor, etc. [R] | Imprenta de Gaspar ... (Antes Gaspar y Roig) |
| Fecha de publicación, distribución, etc. [R] | 1870 |
| 300 ## - DESCRIPCION FISICA [R] | |
| Extensión [R] | 2 tomos (195 ; 205 páginas) |
| Dimensiones [R] | 18 x 11 cm. |
| 490 #0 - MENCION DE SERIE [R] | |
| Mención de serie [R] | Biblioteca científica recreativa |
| 500 ## - NOTA GENERAL [R] | |
| Nota general [NR] | Detalles físicos: Encuadernación rígida de calidad (holandesa) en cartón duro forrado en papel jaspeado. Lomo de cuero (verde) con nervaduras sobre costuras y adornos en dorado. Tapas con residuos de cinta pegante. Guardas simulando papel de agua. Hoja de cortesía. Anteportada. Portada impresa en una sola tinta. Texto impreso en una sola columna. Grabados de página entera, dentro del texto. Índice. Cinta para señalar la lectura |
| 505 2# - NOTA DE CONTENIDO CON FORMATO PREESTABLECIDO [R] | |
| Nota de contenido con formato preestablecido [NR] | V.1: Los mamíferos y sus madrigueras ; Los pájaros de madriguera ; Los nidos de los reptiles ; Crustáceos ; Moluscos ; Arañas ; Los himenópteros ; Coleópteros ; Insectos roedores de madera ; Mamíferos de habitaciones suspendidas ; Pájaros constructores de nidos suspendidos ; Insectos de habitaciones colgadas -- V.2: Los constructores ; Los pájaros constructores ; Os insectos constructores ; Los nidos debajo del agua: de vertebrados e invertebrados ; Habitaciones comunes ; Mamíferos, pájaros e insectos sociables ; Nidos parásitos |
| 506 ## - NOTA DE RESTRICCIONES DE ACCESO [R] | |
| Condiciones de acceso [NR] | Consulta en sala |
| 650 #7 - ASIENTO SECUNDARIO DE MATERIA - TERMINO TEMATICO [R] | |
| 9 (RLIN) | 15160 |
| Término temático o nombre geográfico como elemento de entrada [NR] | Estructuras |
| Subdivisión general [R] | Ecología animal |
| 650 #7 - ASIENTO SECUNDARIO DE MATERIA - TERMINO TEMATICO [R] | |
| 9 (RLIN) | 13635 |
| Término temático o nombre geográfico como elemento de entrada [NR] | Ecología animal |
| 690 ## - ASUNTO AGREGADO LOCAL DE ENTRADA - TÉRMINO TEMÁTICO (OCLC, RLIN) | |
| Acceso temático local | Ciencias naturales |
| 9 (RLIN) | 10813 |
| 942 ## - ELEMENTOS DE ENTRADA AGREGADOS (KOHA) | |
| Sistema de clasificación | LOCAL |
| Tipo de ítem principal el descrito en 300a | Libro |
| Edición | 1 |
| Clasificación | E46N009 |
| Suprimido | Perdido | Sistema de clasificación | Dañado | No prestable | Tipo de ítem específico | Ubicación habitual | Ubicación actual | Localización | Fecha de creación | Forma de adquisición | Costo | Volúmen / Fascículo | Total préstamos | Signatura topográfica | Código de barras | Última vez visto | Ejemplar | Price effective from | Tipo de ítem |
|---|---|---|---|---|---|---|---|---|---|---|---|---|---|---|---|---|---|---|---|
| LOCAL | Libro archivo | Archivo Histórico | Archivo Histórico | Archivo histórico | 11/05/2018 | Donación | 0.00 | V.1 | E46N009 | L006561 | 11/05/2018 | Ej.1 | 11/05/2018 | Libro | |||||
| LOCAL | Libro archivo | Archivo Histórico | Archivo Histórico | Archivo histórico | 11/05/2018 | Donación | 0.00 | V.2 | E46N009 | L006562 | 11/05/2018 | Ej.1 | 11/05/2018 | Libro |